| Поле | Инд. | ПП | Название | Значение |
|---|---|---|---|---|
| Тип записи | a | |||
| Библиографический уровень | b | |||
| 001 | Контрольный номер | RU/IS/BASE/308921177 | ||
| 005 | Дата корректировки | 20200630193223.2 | ||
| 008 | Кодируемые данные | 20091015 | ||
| 040 | b | Код языка каталог. | rus | |
| e | Правила каталог. | PSBO | ||
| 041 | 0_ | a | Код языка текста | rus |
| 084 | a | Индекс другой классификации/Индекс ББК | 60.545.1; 63.584 | |
| 100 | 1_ | a | Автор | Кочетков В. В. |
| q | Полное имя | Кочетков Владимир Викторович | ||
| 100 | 1_ | a | Автор | Калинкин В. Ю. |
| q | Полное имя | Калинкин Владимир Юрьевич | ||
| 245 | 10 | a | Заглавие | Национальные диаспоры в транснациональном пространстве |
| 504 | a | Библиография | Библиогр.: с. 85 | |
| 520 | a | Аннотация | Целью статьи является объяснение феномена диаспоры с помощью понятия "транснациональное пространство". Анализируются понятия диаспоры и транснационального пространства. Приводятся ключевые характеристики классических и современных диаспор. Авторы отмечают три типа транснациональных пространств - транснациональные малые (родственные) группы, транснациональные сети связей и транснациональные сообщества. Диаспоры рассматриваются в качестве одной из наиболее организованных разновидностей транснациональных соообществ | |
| 650 | a | Основная рубрика | исторические науки | |
| a | Основная рубрика | социология | ||
| a | Основная рубрика | этнология (этнография) | ||
| a | Основная рубрика | этносоциология | ||
| a | Основная рубрика | социология групп | ||
| 653 | a | Ключевые слова | диаспоры | |
| a | Ключевые слова | еврейская диаспора | ||
| a | Ключевые слова | транснациональное пространство | ||
| 773 | 08 | t | Заглавие источника | Вестник Московского университета. Серия 18, Социология и политология |
| d | Дата издания источника | 2009 | ||
| g | Прочая информация | № 1. - С. 72 - 85 | ||
| w | Контрольный № источника | RU/IS/BASE/299591355 | ||
| 901 | t | Тип документа | b |